Mắt những người đã khuất Tiểu thuyết : Hai tập T.1

Tallennettuna:
Bibliografiset tiedot
Päätekijä: Axturiax, Mighen Anghen
Muut tekijät: Ngô Vĩnh Viễn (Dịch)
Aineistotyyppi: Kirja
Kieli:Vietnamese
Julkaistu: H. Văn học 1986
Sarja:Văn học hiện đại nước ngoài. Văn học Goatêmala
Aiheet:
Tagit: Lisää tagi
Ei tageja, Lisää ensimmäinen tagi!
Thư viện lưu trữ: Mạng thư viện Đại học Đà Nẵng
LEADER 01293nam a2200361 4500
001 000004738
003 879
005 20120412100456.0
008 110803s1986 viesd
020 |c 20000đ 
041 0 |a vie 
082 |a 843  |b AX-M 
100 0 |a Axturiax, Mighen Anghen 
245 1 0 |a Mắt những người đã khuất  |b Tiểu thuyết : Hai tập  |c Mighen ừnghen Axturiax ; Ngô Vĩnh Viễn dịch và giới thiệu  |n T.1 
260 |a H.  |b Văn học  |c 1986 
300 |a 424 tr.  |c 19 cm. 
490 |a Văn học hiện đại nước ngoài. Văn học Goatêmala 
653 |a văn học hiện đại 
653 |a tiểu thuyết 
653 |a goatêmala 
700 |a Ngô Vĩnh Viễn  |e Dịch 
773 |t Mắt những người đã khuất  |w 877 
910 |a Huỳnh Thị Cẩm Lai  |d 03/08/2011 
OWN |a LSP 
AVA |a UDN50  |b LSP  |d 843 AX-M  |e available  |t Error 5001 Not defined in file expand_doc_bib_avail.  |f 3  |g 1  |h N  |i 0  |k 1 
999 |a From the UDN01 
AVA |a UDN50  |b LSP  |d 843 AX-M  |e available  |t Error 5001 Not defined in file expand_doc_bib_avail.  |f 3  |g 1  |h N  |i 0  |k 1 
TYP |a Monograph 
TYP |a Printed language 
980 |a Mạng thư viện Đại học Đà Nẵng